| 000 | 00415nam a2200121Ia 4500 | ||
|---|---|---|---|
| 008 | 220616s9999||||xx |||||||||||||| ||und|| | ||
| 100 | _aWahl, Asbjørn | ||
| 245 | 4 | _aThe Rise and Fall of the Welfare State | |
| 546 | _aEnglish[eng] | ||
| 650 | _aPolitical Science||Public Policy||Social Services & Welfare | ||
| 856 | _uhttps://library.oapen.org/bitstream/20.500.12657/46319/1/external_content.epub | ||
| 942 | _cEB | ||
| 999 |
_c20773 _d20773 |
||